<The> Challenges HRM must face under flexible work arrangements (case of the Slovak Republic)

Saved in:
Bibliographic Details
Main Author: Bajzíková, Ľubica
Other Authors: Šajgalíková, Helena
Format: Book Chapter
Language:English
Tags: Add Tag
No Tags, Be the first to tag this record!

MARC

LEADER 00000naa$a2200000$$$4500
001 0064382
005 20240502083155.1
041 0 |a eng 
044 |a LT 
245 1 0 |a <The> Challenges HRM must face under flexible work arrangements (case of the Slovak Republic)  |c Ľubica Bajzíková, Helena Šajgalíková 
100 1 |a Bajzíková, Ľubica 
700 1 |a Šajgalíková, Helena